| 000 | 01202cam a2200301K 4500 | ||
|---|---|---|---|
| 001 | 21259 | ||
| 003 | BD-RjUL | ||
| 005 | 20211209000651.0 | ||
| 008 | 140304r19621909nyu o 000 1 eng d | ||
| 035 | _a(OCoLC)ocn551375724 | ||
| 035 | _a(BD-RjUL)21323 | ||
| 040 |
_aOCLCE _beng _cOCLCE _dOCLCQ _dBD-RjUL |
||
| 041 | _aeng | ||
| 082 | 0 | 4 |
_a823.912 _bWET |
| 100 | 1 |
_aWells, H. G. _q(Herbert George), _d1866-1946. _965726 |
|
| 245 | 1 | 0 |
_aTono-Bungay : _ba novel / _c H.G. Wells. |
| 260 |
_aNew York : _bDuffield & Co., _c1909 [reprinted 1962] |
||
| 300 | _a1 online resource (4 p. l., [3]-460 p.) | ||
| 506 |
_3Use copy _fRestrictions unspecified _2star _5MiAaHDL |
||
| 650 | 0 |
_aaPatent medicines _xMarketing _vFiction. _965727 |
|
| 650 | 0 |
_aaPharmaceutical industry _zEngland _vFiction. _965728 |
|
| 650 | 0 |
_aaMedia _zEngland _vFiction. _965729 |
|
| 651 | 0 |
_aaEngland _zSocial classes _vFiction. _965730 |
|
| 776 | 0 | 8 |
_iPrint version: _aWells, H. G. (Herbert George), 1866-1946. _tTono-Bungay. _dNew York, Duffield & Co., 1909 _w(DLC) 09005520 _w(OCoLC)10011144 |
| 856 | 4 | 0 |
_3HathiTrust Digital Library _uhttp://catalog.hathitrust.org/api/volumes/oclc/10011144.html |
| 942 |
_2ddc _cBK |
||
| 999 |
_c21259 _d21259 |
||